| 000 | 00579nam a2200181 u 4500 | ||
|---|---|---|---|
| 001 | 000633047 | ||
| 003 | AM-YeHGA | ||
| 005 | 20250617140521.0 | ||
| 008 | 090217s1962 ||| r 000 0 rus d | ||
| 040 | _aAM-YeHGA | ||
| 041 | 0 | _arus | |
| 245 | 0 | 0 |
_aПьесы : _b[Сборник]. |
| 260 |
_aКишинев : _bКартя Молдовеняскэ, _c1962. |
||
| 300 | _a184 с. | ||
| 505 | 0 | 0 | _aЗолотые грозди/ А. Лукьянов; Дочь Стефана/ С. Стодульский |
| 653 | 0 | _aМолдавская драматургия | |
| 090 | _c222939 | ||
| 999 |
_c221407 _d221407 |
||